000 00809nam a2200265Ia 4500
999 _c53634
_d53634
001 20681
003 GE_BSU
005 20210303194349.0
008 181216s2017||||xxu|||||||||||||| ||eng||
020 _a9780750652346
040 _cGE_BSU
041 _aeng
080 _a616-092 P-32
245 _aPathophysiology :
_bAn Essential Text for the Allied Health Professions /
_cEdited by Delva Shamley
264 _aLondon :
_bElsevier,
_c2005.
300 _a470 p. ;
_c28 cm.
541 _h171 Gel.
653 _aPathophysiology
653 _aAn Essential Text for the Allied Health Professions
653 _aПатофизиология
653 _aმედიცინა
653 _aპათოფიზიოლოგია
700 _aEdited by Delva Shamley
_910317
942 _cBK
_2udc